000
00278 a2200145 4500
001
160943
020
_a
040
_c
Magnum
100
_a
Borges, Rogerio
240
1
0
_a
O pote magico
_l
por
245
1
0
_a
O pote magico
362
0
_a
1899
697
_a
I/GERAL
942
_c
BK
999
_c
160943
_d
160943